=LDR 00000nam 2200000 4500 =001 INLIS000000000028512 =005 20200910113531 =035 ##$$a 0010-061300000028512 =008 200910################g##########0#ind## =041 ##$$a Ind =082 ##$$a 177.5 =090 ##$$a 177.6, Alm m =100 #$$a AlMudarisi, Hadi =245 1#$$a Mengenal dan membina kasih sayang /$c Hadi Al-Mudarisi ; Penerjemah, Syech Asghar Ard ; Editor, Ali Asghar =260 ##$$a Bogor :$b Cahaya,$c 2003 =300 ##$$a viii, 241 hlm ; $c 20,5 x 13 cm =650 #4$$a Etika hubungan sosial - Cinta =850 ##$$a NBPNMAT =020 ##$$a 979-3259-06-X =084 ##$$a 177.5 ALM m =250 ##$$a Cet. 1 =700 #$$a Syech Asghar Ard =700 #$$a Ali Asghar =990 ##$$a 30709713 =990 ##$$a 10312492